| 000 | 00376pam a2200157a 44500 | ||
|---|---|---|---|
| 008 | 230515b2004 xxu||||| |||| 00| 0 eng d | ||
| 020 | _a978-81-7381-142-3 | ||
| 041 | _aENGLISH | ||
| 082 | _a618.2 | ||
| 100 | _aD.C.DUTTA | ||
| 245 | _aTEXTBOOK OF OBSTETRICS | ||
| 250 | _a7 | ||
| 260 |
_a _bNEW CENTRAL BOOK AGENCY ( P) LTD. _c2004 |
||
| 300 | _aXVI,685 | ||
| 650 | _aNULL | ||
| 999 |
_c506938 _d506938 |
||